01360 a2200253 4500003000500000005001700005010001700022020002800039040000900067082001200076100002000088245009700108260003900205300003500244440005800279505054800337650001900885650003500904651001100939700002000950942001200970999001900982952010501001Nust20170207154029.0 a 2003048095 a1580534821 (alk. paper) cNust00a621.3821 aHara, Shinsuke.10aMulticarrier techniques for 4G mobile communications-(E-BOOK)cShinsuke Hara, Ramjee Prasad. aBoston, MA :bArtech House,c2003. axvii, 240 p. :bill. ;c24 cm. 0aArtech House universal personal communications series aDedication. Preface. Acknowledgement. Authors' Biographies. Introduction. Characteristics of Multipath Fading Channels. Principle and History of MCM/OFDM. OFDM Characteristics. Pilot-Assisted DFT Window Timing/Frequency Offset Synchronization and Subcarrier Recovery. Blind Maximum Likelihood-Based Joint DFT Window Timing/Frequency Offset/DFT Window Width Estimation. Coded OFDM Scheme to Gain Frequency Diversity Effect. Applications of OFDM. Combination of OFDM and CDMA. Future Research Directions. List of Abbreviations. List of Keywords. 0aCarrier waves. 0aTelecommunication engineering. aE-BOOK1 aPrasad, Ramjee. 2ddccBK c192044d192044 00102ddc40708NFICaMCSbMCSd2016-12-12l0o621.382 HARpMCSEB-820r2016-12-08w2016-12-12yBK